Größte Städte in Asien - Statistiken

Allgemein
  • Dieses Quiz wurde 6.287 mal gespielt
    5.459 seit der letzten Aktualisierung
  • Das Durchschnittsergebnis liegt bei 22 aus 51
Antwortstatistiken
Bevölkerung Stadtgebiet % Korrekt
40,5 mil Tokio
97%
20,0 mil Peking
93%
34,1 mil Shanghai
84%
31,3 mil Delhi
79%
19,4 mil Bangkok
77%
32,1 mil Jakarta
77%
25,0 mil Seoul
77%
25,6 mil Mumbai
76%
7,55 mil Hong Kong
74%
7,90 mil Singapur
68%
26,3 mil Manila
65%
17,7 mil Osaka
64%
15,5 mil Teheran
64%
9,15 mil Kuala Lumpur
62%
5,70 mil Dubai
58%
47,6 mil Guangzhou / Shenzhen
58%
8,40 mil Riad
58%
7,15 mil Bagdad
57%
16,2 mil Istanbul
57%
20,3 mil Dhaka
51%
5,15 mil Ankara
50%
17,0 mil Kalkutta
50%
9,15 mil Taipeh
50%
9,25 mil Wuhan
47%
10,6 mil Ho Chi Minh-Stadt
45%
12,7 mil Bengaluru
37%
7,10 mil Xi'an
34%
18,2 mil Karatschi
32%
11,6 mil Chennai
31%
13,5 mil Lahore
30%
10,4 mil Hyderabad
28%
10,0 mil Chengdu
25%
8,40 mil Chongqing
25%
8,75 mil Ahmedabad
24%
5,70 mil Amman
24%
10,2 mil Xiamen
24%
10,5 mil Nagoya
23%
13,2 mil Tianjin
22%
6,70 mil Nanjing
20%
5,75 mil Yangon
18%
7,05 mil Bandung
16%
7,10 mil Pune
16%
8,60 mil Hangzhou
15%
6,15 mil Surabaya
15%
5,15 mil Harbin
13%
5,15 mil Dschidda
12%
6,25 mil Qingdao
12%
8,10 mil Shenyang
12%
6,90 mi Surat
12%
7,75 mil Shantou
8%
5,40 mil Wenzhou
7%
Keine übereinstimmenden Quizze gefunden
Verteilung der Resultate
Anzahl Personen mit jedem Resultat
Perzentil nach korrekt beantworteten Fragen
Ihre Resultats-Entwicklung
Sie haben dieses Quiz seit der letzten Aktualisierung nicht gespielt